Les 20 villes les plus peuplées de l'Aveyron sur une carte - Statistiques

Statistiques générales
  • Ce quiz a été pris 165 fois
  • Le résultat moyen est 10 sur 20
Réponses sur la Carte
Les réponses sont colorées sur une échelle allant du rouge au vert en fonction du pourcentage des utilisateurs qui les ont devinées à leur premier essai. Vous pouvez retrouver ces pourcentages ci-dessous.
 
Statistiques - réponses
Pop Réponse % Correct
24 207 Rodez
100%
21 712 Millau
98%
11 720 Villefranche-de-Rouergue
83%
11 873 Onet-le-Château
81%
7 992 Saint-Affrique
80%
5 111 Decazeville
74%
4 624 Espalion
60%
6 000 Luc-la-Primaube
53%
4 062 Sévérac d'Aveyron
52%
4 407 Capdenac-Gare
46%
3 163 Baraqueville
44%
3 503 Olemps
43%
3 297 Sébazac-Concourès
38%
2 978 Bozouls
37%
3 552 Aubin
35%
2 308 Le Monastère
29%
2 370 Flavin
27%
2 348 Firmi
26%
3 188 Druelle Balsac
19%
2 302 Salles-la-Source
14%
Aucun quiz correspondant
Distribution des résultats
% des personnes avec chaque résultat
Percentile par nombre de réponses
Votre historique - résultats
Vous n’avez pas pris ce quiz